<?xml version="1.0" encoding="UTF-8"?>
<record
    xmlns:xsi="http://www.w3.org/2001/XMLSchema-instance"
    xsi:schemaLocation="http://www.loc.gov/MARC21/slim http://www.loc.gov/standards/marcxml/schema/MARC21slim.xsd"
    xmlns="http://www.loc.gov/MARC21/slim">

  <leader>03454nam a2200565Ia 4500</leader>
  <controlfield tag="001">565</controlfield>
  <controlfield tag="008">241029s9999    xx            000 0 und d</controlfield>
  <datafield tag="010" ind1=" " ind2=" ">
    <subfield code="a">514</subfield>
  </datafield>
  <datafield tag="041" ind1=" " ind2=" ">
    <subfield code="a">Espa&#xF1;ol</subfield>
  </datafield>
  <datafield tag="082" ind1=" " ind2=" ">
    <subfield code="a">INTEC/CyH-0142</subfield>
  </datafield>
  <datafield tag="245" ind1=" " ind2="0">
    <subfield code="a">An&#xE1;lisis de modalidad semi-presencial y su incidencia en las personas J&#xF3;venes y Adultas del 3er. Ciclo de la Escuela San Antonio, Distrito Educativo 10-03, Santo Domingo Este, 2012.</subfield>
  </datafield>
  <datafield tag="260" ind1=" " ind2=" ">
    <subfield code="a">Distrito Nacional</subfield>
  </datafield>
  <datafield tag="300" ind1=" " ind2=" ">
    <subfield code="a">73</subfield>
  </datafield>
  <datafield tag="520" ind1=" " ind2=" ">
    <subfield code="a">12</subfield>
  </datafield>
  <datafield tag="630" ind1=" " ind2=" ">
    <subfield code="a">Actitud de los Estudiantes</subfield>
  </datafield>
  <datafield tag="630" ind1=" " ind2=" ">
    <subfield code="a">Adaptaci&#xF3;n Estudiantil</subfield>
  </datafield>
  <datafield tag="630" ind1=" " ind2=" ">
    <subfield code="a">Aprendizaje Significativo</subfield>
  </datafield>
  <datafield tag="630" ind1=" " ind2=" ">
    <subfield code="a">Comunidad Educativa</subfield>
  </datafield>
  <datafield tag="630" ind1=" " ind2=" ">
    <subfield code="a">Educaci&#xF3;n para Adultos</subfield>
  </datafield>
  <datafield tag="650" ind1=" " ind2=" ">
    <subfield code="a">Gesti&#xF3;n Educativa</subfield>
  </datafield>
  <datafield tag="690" ind1=" " ind2=" ">
    <subfield code="a">Elaborado</subfield>
  </datafield>
  <datafield tag="700" ind1=" " ind2=" ">
    <subfield code="e">asesor</subfield>
    <subfield code="a">Artidiello Moreno, Mabel</subfield>
  </datafield>
  <datafield tag="700" ind1=" " ind2=" ">
    <subfield code="e">autor</subfield>
    <subfield code="a">Paula Ceballos, Jos&#xE9; An&#xED;bal</subfield>
  </datafield>
  <datafield tag="901" ind1=" " ind2=" ">
    <subfield code="a">{"1":"Paula Ceballos"}</subfield>
    <subfield code="b">{"1":"Jos&#xE9; An&#xED;bal"}</subfield>
  </datafield>
  <datafield tag="902" ind1=" " ind2=" ">
    <subfield code="a">1</subfield>
  </datafield>
  <datafield tag="903" ind1=" " ind2=" ">
    <subfield code="a">{"1":"Artidiello Moreno"}</subfield>
    <subfield code="b">{"1":"Mabel"}</subfield>
  </datafield>
  <datafield tag="904" ind1=" " ind2=" ">
    <subfield code="a">Maestr&#xED;a en</subfield>
  </datafield>
  <datafield tag="905" ind1=" " ind2=" ">
    <subfield code="a">Educaci&#xF3;n</subfield>
  </datafield>
  <datafield tag="906" ind1=" " ind2=" ">
    <subfield code="a">2</subfield>
  </datafield>
  <datafield tag="907" ind1=" " ind2=" ">
    <subfield code="a">NO APLICA</subfield>
  </datafield>
  <datafield tag="908" ind1=" " ind2=" ">
    <subfield code="a">NO APLICA</subfield>
  </datafield>
  <datafield tag="909" ind1=" " ind2=" ">
    <subfield code="a">Instituto Tecnol&#xF3;gico de Santo Domingo (INTEC)</subfield>
  </datafield>
  <datafield tag="910" ind1=" " ind2=" ">
    <subfield code="a">NULL</subfield>
    <subfield code="b">NULL</subfield>
  </datafield>
  <datafield tag="911" ind1=" " ind2=" ">
    <subfield code="a">["1"]</subfield>
  </datafield>
  <datafield tag="912" ind1=" " ind2=" ">
    <subfield code="a">NO APLICA</subfield>
  </datafield>
  <datafield tag="913" ind1=" " ind2=" ">
    <subfield code="a">NULL</subfield>
  </datafield>
  <datafield tag="914" ind1=" " ind2=" ">
    <subfield code="a">01 de Diciembre de 2012</subfield>
  </datafield>
  <datafield tag="915" ind1=" " ind2=" ">
    <subfield code="a">06/11/19 12:11</subfield>
  </datafield>
  <datafield tag="916" ind1=" " ind2=" ">
    <subfield code="a">NULL</subfield>
  </datafield>
  <datafield tag="917" ind1=" " ind2=" ">
    <subfield code="a">NULL</subfield>
  </datafield>
  <datafield tag="918" ind1=" " ind2=" ">
    <subfield code="a">Educaci&#xF3;n para adultos</subfield>
  </datafield>
  <datafield tag="919" ind1=" " ind2=" ">
    <subfield code="a">["5","8","20","45","79"]</subfield>
  </datafield>
  <datafield tag="520" ind1=" " ind2=" ">
    <subfield code="a">El objetivo principal de este estudio, consisti&#xF3; en analizar la modalidad semi-presencial en el Tercer Ciclo de la Educaci&#xF3;n de Personas J&#xF3;venes y Adultas, de la Escuela San Antonio, Distrito Educativo 10-03, Santo Domingo Este, 2012. La metodolog&#xED;a se caracteriz&#xF3; por ser descriptiva, anal&#xED;tica y aplicada, con un enfoque cualitativo. Las t&#xE9;cnicas m&#xE1;s utilizadas fueron: la observaci&#xF3;n y una encuesta. El universo muestra, estuvo compuesto por cuaerenta y cinco (45) estudiantes y diez (10) docentes del Tercer Ciclo de Educaci&#xF3;n de J&#xF3;venes y Adultos del referido Centro. Entre los principales resultados, se destaca la aceptaci&#xF3;n de dicha modalidad, tanto por los docentes como por los estudiantes participantes, los centros que han optado por un horario flexible semi-presencial (s&#xE1;bado o domingo), la matr&#xED;cula ha aumentado de manera considerable. Queda confirmado que a los estudiantes de este Centro, la modalidad ofrecida le permite trabajar y estudiar al mismo tiempo y poder estar con sus familias, valorando las horas de clases presenciales como suficientes y reconocimientos obtenidos.Las principales recomendaciones del estudio, indican que en cuanto a los contenidos del 3er. Ciclo de la Educaci&#xF3;n de Personas J&#xF3;venes y Adultas de la Rep&#xFA;blica Dominicana, se hace necesario una revisi&#xF3;n, con fines de readecuaci&#xF3;n a las necesidades de aprendizaje de los estudiantes participantes. Adem&#xE1;s de la necesidad de que los docentes reciban mayor capacitaci&#xF3;n, sobre la modalidad semi-presencial, para el abordaje de los contenidos a trabajar.&#xA0;Valorar los resultados obtenidos de esta modalidad semi-presencial,&#xA0;en horario de fin de semana e incrementar la creaci&#xF3;n de nuevos centros con este horario, que permitiera la integraci&#xF3;n de personas de la zona rural urbana y marginal, donde no existen Escuelas de Personas J&#xF3;venes y Adultas.</subfield>
  </datafield>
  <datafield tag="921" ind1=" " ind2=" ">
    <subfield code="a">16</subfield>
  </datafield>
  <datafield tag="922" ind1=" " ind2=" ">
    <subfield code="a">16</subfield>
  </datafield>
  <datafield tag="923" ind1=" " ind2=" ">
    <subfield code="a">0</subfield>
  </datafield>
  <datafield tag="924" ind1=" " ind2=" ">
    <subfield code="a">NO APLICA</subfield>
  </datafield>
  <datafield tag="942" ind1=" " ind2=" ">
    <subfield code="c">Tesis</subfield>
  </datafield>
  <datafield tag="999" ind1=" " ind2=" ">
    <subfield code="c">514</subfield>
    <subfield code="d">514</subfield>
  </datafield>
</record>
